000
00191 a2200097 4500
001
5071
100
_a
Calder,R
245
_a
Profiel of sicnece
260
_a
_b
Allen
_c
090
_c
4219
_d
4219
942
_a
NUST-CAE
_c
M
_c
30511
999
_c
240144
_d
240144